|
|
|
|
| LEADER |
02619nam a2200697 i 4500 |
| 001 |
nkc20203263162 |
| 003 |
CZ PrNK |
| 005 |
20201209150647.0 |
| 007 |
ta |
| 008 |
201109s2020 xr ac e 000 0 cze |
| 015 |
|
|
|a cnb003263162
|
| 020 |
|
|
|a 978-80-265-0953-0
|q (vázáno) :
|c Kč 369,00
|
| 035 |
|
|
|a (OCoLC)1230105408
|
| 040 |
|
|
|a BOA001
|b cze
|d ABA001
|e rda
|
| 043 |
|
|
|a e-xr---
|a e------
|a ff-----
|
| 045 |
|
|
|a x-y-
|
| 072 |
|
7 |
|a 91
|x Geografie jako věda. Výzkum. Cestování
|2 Konspekt
|9 7
|
| 080 |
|
|
|a 910.4-051
|2 MRF
|
| 080 |
|
|
|a 910.4-055.2
|2 MRF
|
| 080 |
|
|
|a 910.4
|2 MRF
|
| 080 |
|
|
|a 796.57:629.331
|2 MRF
|
| 080 |
|
|
|a 629.334
|2 MRF
|
| 080 |
|
|
|a (437.3)
|2 MRF
|
| 080 |
|
|
|a (4)
|2 MRF
|
| 080 |
|
|
|a (6-17)
|2 MRF
|
| 080 |
|
|
|a (0:82-992)
|2 MRF
|
| 100 |
1 |
|
|a Trenz, Forest,
|d 1992-
|7 xx0253853
|4 aut
|4 pht
|
| 245 |
1 |
0 |
|a Život v dodávce :
|b náš příběh /
|c Forest Trenz ; ilustrovala Barbora Masaříková
|
| 250 |
|
|
|a 1. vydání
|
| 264 |
|
1 |
|a Brno :
|b BizBooks,
|c 2020
|
| 300 |
|
|
|a 263 stran :
|b barevné ilustrace ;
|c 24 cm
|
| 336 |
|
|
|a text
|b txt
|2 rdacontent
|
| 336 |
|
|
|a statický obraz
|b sti
|2 rdacontent
|
| 337 |
|
|
|a bez média
|b n
|2 rdamedia
|
| 338 |
|
|
|a svazek
|b nc
|2 rdacarrier
|
| 600 |
1 |
7 |
|a Trenz, Forest,
|d 1992-
|7 xx0253853
|2 czenas
|
| 600 |
1 |
7 |
|a Masaříková, Barbora,
|d 1990-
|7 xx0253855
|2 czenas
|
| 648 |
|
7 |
|a 20.-21. století
|7 ch462155
|2 czenas
|
| 650 |
0 |
7 |
|a cestovatelé
|7 ph119109
|z Česko
|y 20.-21. století
|2 czenas
|
| 650 |
0 |
7 |
|a cestovatelky
|7 ph228447
|z Česko
|y 20.-21. století
|2 czenas
|
| 650 |
0 |
7 |
|a cesty a pobyt
|7 ph137578
|z Evropa
|2 czenas
|
| 650 |
0 |
7 |
|a cesty a pobyt
|7 ph137578
|z Afrika severní
|2 czenas
|
| 650 |
0 |
7 |
|a autoturistika
|7 ph391048
|z Evropa
|2 czenas
|
| 650 |
0 |
7 |
|a autoturistika
|7 ph391048
|z Afrika severní
|2 czenas
|
| 650 |
0 |
7 |
|a obytné automobily
|7 ph932536
|2 czenas
|
| 650 |
0 |
9 |
|a travellers
|z Czechia
|y 20th-21st centuries
|2 eczenas
|
| 650 |
0 |
9 |
|a women travellers
|z Czechia
|y 20th-21st centuries
|2 eczenas
|
| 650 |
0 |
9 |
|a travels and stays
|z Europe
|2 eczenas
|
| 650 |
0 |
9 |
|a voyages and travels
|z Africa, Northern
|2 eczenas
|
| 650 |
0 |
9 |
|a automobile travel
|z Europe
|2 eczenas
|
| 650 |
0 |
9 |
|a automobile travel
|z Africa, Northern
|2 eczenas
|
| 650 |
0 |
9 |
|a motorhomes
|2 eczenas
|
| 655 |
|
7 |
|a cestopisy
|7 fd131956
|2 czenas
|
| 655 |
|
9 |
|a books of travels
|2 eczenas
|
| 700 |
1 |
|
|a Masaříková, Barbora,
|d 1990-
|7 xx0253855
|4 ill
|
| 910 |
2 |
|
|a BOA001
|b 2-1455.549
|
| 928 |
9 |
|
|a Albatros Media - BizBooks
|
| 990 |
|
|
|a BK
|
| 995 |
|
|
|a 01
|
| 991 |
|
|
|b 202011
|c NOV
|
| 996 |
6 |
|
|b 2610845634
|c 2-1455.549
|l MZK
|r Sklad / do 1 hodiny
|n 3
|p p.v.
|w 001833888
|u 000010
|a 1
|e BOA001
|j MZK50
|s P
|